Essentials of management (Record no. 130949)
[ view plain ]
| 000 -LEADER | |
|---|---|
| fixed length control field | 00589nam a2200229Ia 4500 |
| 003 - CONTROL NUMBER IDENTIFIER | |
| control field | OSt |
| 005 - DATE AND TIME OF LATEST TRANSACTION | |
| control field | 20220909140106.0 |
| 008 - FIXED-LENGTH DATA ELEMENTS--GENERAL INFORMATION | |
| fixed length control field | 210210b2008 xxu||||| |||| 00| 0 eng d |
| 020 ## - INTERNATIONAL STANDARD BOOK NUMBER | |
| International Standard Book Number | 9780070620308 |
| 040 ## - CATALOGING SOURCE | |
| Transcribing agency | AL |
| 041 ## - LANGUAGE CODE | |
| Language code of text/sound track or separate title | eng |
| 082 ## - DEWEY DECIMAL CLASSIFICATION NUMBER | |
| Classification number | 658 KOOE |
| 100 ## - MAIN ENTRY--PERSONAL NAME | |
| Personal name | KOONTZ (Harold) |
| 9 (RLIN) | 56878 |
| 245 ## - TITLE STATEMENT | |
| Title | Essentials of management |
| Remainder of title | An international perspective |
| 250 ## - EDITION STATEMENT | |
| Edition statement | 7 |
| 260 ## - PUBLICATION, DISTRIBUTION, ETC. | |
| Place of publication, distribution, etc. | ND |
| Name of publisher, distributor, etc. | Tata McGraw-Hill Publishing Company Ltd. |
| Date of publication, distribution, etc. | 2008 |
| 300 ## - PHYSICAL DESCRIPTION | |
| Extent | xxx,475 |
| 690 ## - LOCAL SUBJECT ADDED ENTRY--TOPICAL TERM (OCLC, RLIN) | |
| Topical term or geographic name as entry element | Management |
| 9 (RLIN) | 56879 |
| 700 ## - ADDED ENTRY--PERSONAL NAME | |
| Personal name | WEIHRICH (Heinz) |
| 9 (RLIN) | 56880 |
| 906 ## - LOCAL DATA ELEMENT F, LDF (RLIN) | |
| a | 062983 |
| 942 ## - ADDED ENTRY ELEMENTS (KOHA) | |
| Source of classification or shelving scheme | Dewey Decimal Classification |
| Koha item type | Book |
| Withdrawn status | Lost status | Damaged status | Not for loan | Collection code | Home library | Current library | Shelving location | Date acquired | Source of acquisition | Cost, normal purchase price | Total Checkouts | Full call number | Barcode | Date last seen | Price effective from | Koha item type | Date last checked out |
|---|---|---|---|---|---|---|---|---|---|---|---|---|---|---|---|---|---|
| St Aloysius Library | St Aloysius Library | 02/17/2021 | Knowledge World, Bangalore-18 | 265.00 | 658 KOOE | 062987 | 02/17/2021 | 02/17/2021 | Book | ||||||||
| St Aloysius Library | St Aloysius Library | 02/17/2021 | Knowledge World, Bangalore-18 | 265.00 | 658 KOOE | 062986 | 02/17/2021 | 02/17/2021 | Book | ||||||||
| St Aloysius Library | St Aloysius Library | 02/17/2021 | Knowledge World, Bangalore-18 | 265.00 | 1 | 658 KOOE | 062985 | 11/13/2025 | 02/17/2021 | Book | 07/01/2025 | ||||||
| St Aloysius Library | St Aloysius Library | 02/17/2021 | Knowledge World, Bangalore-18 | 265.00 | 658 KOOE | 062984 | 02/17/2021 | 02/17/2021 | Book | ||||||||
| St Aloysius Library | St Aloysius Library | 02/17/2021 | Knowledge World, Bangalore-18 | 265.00 | 658 KOOE | 062983 | 02/17/2021 | 02/17/2021 | Book |